| 000 | 00605nam a22002057a 4500 | ||
|---|---|---|---|
| 999 |
_c6641 _d6641 |
||
| 003 | OSt | ||
| 005 | 20200217100630.0 | ||
| 008 | 200217b ||||| |||| 00| 0 eng d | ||
| 020 | _a64556 | ||
| 040 | _c040 | ||
| 082 |
_a370.9 _bTHU 1964 |
||
| 100 |
_aThut, I N _913664 |
||
| 245 |
_aEducational patterns in contemporary societies / _cI.N Thut, Don Adams |
||
| 260 |
_aNew York _bMc-Graw Hill book company _c1964 |
||
| 300 |
_axii, 494p; _bill : _c20 cm |
||
| 504 | _aIncludes bibliographical references and index | ||
| 650 | _2Educational patterns | ||
| 700 |
_aAdams, Don _913665 |
||
| 942 |
_2ddc _cO_SHELF |
||